000 00742cab a2200229 4500
001 ABS50699
008 090401t1994 xxu||||| |||| 00| 0 eng d
035 _a(Sirsi) u11312
041 _aeng
100 _aIreland, P.
245 _aMapping out a slick response
260 _c1994
350 _a0
490 _aMapping Awareness
_v8(4) May 1994, 30-33(4)
520 _aDescribes the application of GIS technology to the practice of environmental monitoring; in this case, the charting of the actual and potential effects of oil slicks on the coast.
650 _aENVIRONMENTAL MONITORING
650 _aGIS
690 _aENVIRONMENTAL AND LAND CONSULTANCY
690 _aMAPPING AND MEASUREMENT
942 _n0
948 _c04/03/1997
999 _c7200
_d7200